Wealth from waste / (Record no. 67875)

MARC details
000 -LEADER
fixed length control field 00433nam a22001457a 4500
005 - DATE AND TIME OF LATEST TRANSACTION
control field 20180725103320.0
020 ## - INTERNATIONAL STANDARD BOOK NUMBER
International Standard Book Number 8176484148
Terms of availability 00
035 ## - SYSTEM CONTROL NUMBER
System control number B-91435, B-091437, B-091434
037 ## - SOURCE OF ACQUISITION
Stock number DPL
Source of stock number/acquisition ENG
100 ## - MAIN ENTRY--PERSONAL NAME
Personal name Shrivastava, A.K.
245 ## - TITLE STATEMENT
Title Wealth from waste /
Statement of responsibility, etc by A.K. Shrivastava
260 ## - PUBLICATION, DISTRIBUTION, ETC. (IMPRINT)
Place of publication, distribution, etc New Delhji
Name of publisher, distributor, etc APH Publishing Corporation
Date of publication, distribution, etc 2003
300 ## - PHYSICAL DESCRIPTION
Extent xxxi, 363p.
Dimensions 20 cms.
942 ## - ADDED ENTRY ELEMENTS (KOHA)
Source of classification or shelving scheme Dewey Decimal Classification
Item type English Books
Classification part 363.728
Call number suffix SHR
Holdings
Withdrawn status Lost status Not for loan Collection code Home library Current library Date acquired Cost, normal purchase price Full call number Barcode Cost, replacement price Koha item type Source of acquisition
      Non-fiction Patel Nagar Patel Nagar 25/07/2018 895.00 363.728 SHR B-091434 895.00 English Books BPPD/Pub
      Non-fiction Sarojini Nagar Sarojini Nagar 13/06/2012 0.00 363.728 SHR B-91435 0.00 English Books  
      Non-fiction Shahdara Branch Shahdara Branch 31/05/2018 0.00 363.728 SHR B-091437 0.00 English Books BPPD/PUB

© Delhi Public Library
Hit Counter
free hit counter